Statistics for Honorary Avengers Members

Click here to take the quiz!

General Stats

  • This quiz has been taken 7 times
  • The average score is 7 of 13

Answer Stats

Real NameAnswer% Correct
Anthony Edward StarkIron Man
100%
Rita DeMaraYellowjacket
67%
Phillip JarvertSwordsman
67%
Sharra NeramaniDeathcry
67%
Richard Millhouse JonesRick Jones
50%
Walter LawsonCaptain Marvel
50%
Robert L Frank SnrWhizzer
50%
Moira BrandonMoira Brandon
50%
Marrina SmallwoodMarrina
50%
UnrevealedMagdalene
50%
Guilletta NefariaMasque
50%
Dennis SykesFlux
33%
Maximillian Quincy ColeridgeShroud
17%

Score Distribution

Percentile by Number Answered

Percent of People with Each Score

Your Score History

You have not taken this quiz